[Event "AUTO-ADV-4840"]
[Site "http://www.queenalice.com/game.php?id=1859376"]
[Date "2025.7.4"]
[Round "2"]
[White "andrevillares"]
[Black "atbn"]
[Result "1-0"]
[WhiteElo "2155"]
[BlackElo "1907"]

1. d4 e6 2. c4 c5 3. d5 d6 4. e4 Ne7 5. Nc3 Ng6 6. Nf3 Be7 7. Bd3 O-O 8. O-O e5
9. h3 f5 10. Re1 f4 11. a3 Nd7 12. b4 b6 13. Bb2 Nh4 14. Rc1 Nxf3+ 15. Qxf3 Rf6
16. bxc5 Nxc5 17. a4 Rg6 18. Bc2 Qd7 19. Kh2 Bh4 20. a5 Qe7 21. Rb1 Ba6 22. axb6
axb6 23. Ba1 Qc7 24. Nb5 Bxb5 25. Rxb5 Ra2 26. Rb2 Qa7 27. Rxa2 Qxa2 28. Qd1
Bxf2 29. Re2 Bg3+ 30. Kh1 Qxc4 31. Bb2 Rf6 32. Ba3 Rf8 33. Bxc5 bxc5 34. Ba4 Ra8
35. Bc6 Ra3 36. Rb2 Qxe4 37. Rb8+ Kf7 38. Qh5+ Qg6 39. Be8+ Ke7 40. Bxg6 hxg6
41. Qg5+ 1-0